Hechiceras, beatas y expósitas : mujeres y poder inquisitorial en Lima /

Detalles Bibliográficos
Autor principal: Mannarelli, María Emma
Formato: Libro
Lenguaje:inglés
Publicado: Lima Congreso del Perú 1998
Materias:

MARC

LEADER 00000cam a2200000 a 4500
001 005139
003 UAHC_CL
005 20170803120115.0
008 010822b xx j 000 1 eng
040 |a UAHC_CL  |c UAHC_CL  |d UAHC_CL 
082 0 4 |a DIPLOM 15 
100 1 |a Mannarelli, María Emma 
245 1 0 |a Hechiceras, beatas y expósitas :  |b mujeres y poder inquisitorial en Lima /  |c María Emma Mannarelli. 
260 |a Lima  |b Congreso del Perú  |c 1998 
300 |a 111 p. 
650 4 |a MUJERES  |x HISTORIA  |z PERU 
900 |a 305.4 MANH 
942 |c BK 
952 |0 0  |1 0  |4 0  |6 305_400000000000000_MANH  |7 0  |8 General  |9 11316  |a BC  |b BC  |c General  |d 2017-08-03  |l 0  |o 305.4 MANH  |p 1315119  |r 2026-01-13 00:00:00  |t 1  |w 2017-08-03  |y BK 
999 |c 5139  |d 5139